书目信息 |
| 题名: |
西方历史建筑图说
|
|
| 作者: | 赵娜冬 , 段智君 编著 | |
| 分册: | ||
| 出版信息: | 北京 化学工业出版社 2014 |
|
| 页数: | 32,218页 | |
| 开本: | 21cm | |
| 丛书名: | ||
| 单 册: | ||
| 中图分类: | TU-091 | |
| 科图分类: | ||
| 主题词: | 古建筑--名词术语--西方国家--图解 , 古建筑 , 名词术语 | |
| 电子资源: | ||
| ISBN: | 978-7-122-19437-4 | |
| 000 | 01174nam0 2200265 450 | |
| 001 | 141955 | |
| 005 | 20141115111100.31 | |
| 010 | @a978-7-122-19437-4@dCNY 36.00 | |
| 100 | @a20140703d2014 em y0chiy50 ea | |
| 101 | 0 | @achi |
| 102 | @aCN@b110000 | |
| 105 | @aa z 001yy | |
| 200 | 1 | @a西方历史建筑图说@9xi fang li shi jian zhu tu shuo@b专著@dIllustrated diagram of the western historic architecture@f段智钧,赵娜冬编著@zeng |
| 210 | @a北京@c化学工业出版社@d2014 | |
| 215 | @a32,218页@d21cm | |
| 330 | @a本书全面选取西方历史建筑的专业术语和核心词汇,通过图像进行较为直观地解释,对应分析了其在建筑本身的空间、结构、构造、装饰、场所、意义传达等方面的建造构成方式,并试图解读其中的多层次涵义和历史性运用,其本质是对西方建筑历史文化的深层解读。书中还穿插介绍了西方历史建筑的相关知识,丰富了《西方历史建筑图说》的内容。 | |
| 510 | 1 | @aIllustrated diagram of the western historic architecture@zeng |
| 606 | 0 | @a古建筑@x名词术语@x西方国家@j图解 |
| 606 | 0 | @a古建筑 |
| 606 | 0 | @a名词术语 |
| 690 | @aTU-091@v5 | |
| 701 | 0 | @a赵娜冬@9zhao na dong@c(建筑学)@4编著 |
| 701 | 0 | @a段智君@9duan zhi jun@f(1977~)@4编著 |
| 801 | 0 | @c20141115 |
| 905 | @a241430@dTU-091@eD940 | |
| 西方历史建筑图说=Illustrated diagram of the western historic architecture/段智钧,赵娜冬编著.-北京:化学工业出版社,2014 |
| 32,218页;21cm |
| ISBN 978-7-122-19437-4:CNY 36.00 |
| 本书全面选取西方历史建筑的专业术语和核心词汇,通过图像进行较为直观地解释,对应分析了其在建筑本身的空间、结构、构造、装饰、场所、意义传达等方面的建造构成方式,并试图解读其中的多层次涵义和历史性运用,其本质是对西方建筑历史文化的深层解读。书中还穿插介绍了西方历史建筑的相关知识,丰富了《西方历史建筑图说》的内容。 |
| ● |
| 相关链接 |
|
|
|
正题名:西方历史建筑图说
索取号:TU-091/D940
 
预约/预借
| 序号 | 登录号 | 条形码 | 馆藏地/架位号 | 状态 | 备注 |
| 1 | 0839481 | 208394815 | 建筑库101/101建筑库 4排1列1层/ [索取号:TU-091/D940] | 在馆 | |
| 2 | 0839482 | 208394824 | 建筑库101/101建筑库 4排1列1层/ [索取号:TU-091/D940] | 在馆 | |
| 3 | 0839483 | 208394833 | 建筑库101/101建筑库 4排1列1层/ [索取号:TU-091/D940] | 在馆 |